[Event "Elenite"]
[Site "Elenite"]
[Date "1993.??.??"]
[Round "10"]
[White "Georgiev, Krum"]
[Black "Sokolov, Ivan"]
[Result "0-1"]
[WhiteElo "2475"]
[BlackElo "2610"]
[Annotator "Donev,I"]
[PlyCount "78"]
[EventDate "1993.??.??"]
[EventType "tourn"]
[EventRounds "11"]
[EventCountry "BUL"]
[EventCategory "14"]
[SourceTitle "CBM 038"]
[Source "ChessBase"]
[SourceDate "1994.02.01"]
[SourceVersion "1"]
[SourceVersionDate "1994.02.01"]
[SourceQuality "1"]

1. e4 e5 2. Nf3 Nc6 3. Bb5 a6 4. Bxc6 dxc6 5. d4 exd4 6. Qxd4 Qxd4 7. Nxd4 c5
8. Ne2 Bd7 9. Nbc3 Ne7 10. Bf4 O-O-O 11. O-O-O Re8 $1 12. h4 Ng6 13. Bg3 Bc6
14. h5 Ne5 15. f3 (15. h6 gxh6 (15... g6 16. Nf4 Ng4 17. f3 Nxh6 18. Nfd5 Bg7
19. Nxc7 Rd8 20. N7d5 $13) 16. Nf4 Rg8 17. Ncd5 $44) 15... h6 16. Bh2 (16. Bxe5
$5 Rxe5 17. g4 Bd6 18. Nf4 Rd8 19. Ncd5 $10) 16... b6 17. Ng3 g6 18. Nd5 (18.
hxg6 fxg6 19. Nge2 Bg7 20. Nf4 {/\ Nfd5}) 18... Bg7 19. Nf1 (19. hxg6 fxg6 20.
Nf1 {/\ Nfe3} Nc4 21. b3 Ne5 22. Nfe3 $10) 19... f5 20. Nfe3 Bxd5 21. Rxd5 (21.
Nxd5 $142 fxe4 22. Bxe5 Rxe5 23. hxg6 e3 $132) 21... fxe4 $10 22. f4 (22. fxe4
$5 Nc6 23. hxg6 Rxe4 24. Nf5 Ne7 $1 25. Nxe7+ Rxe7 26. Rf1 Rhe8 27. Rf7 Re1+
28. Kd2 R1e2+ 29. Kc1 Re1+ $10) 22... Nd7 23. hxg6 Bd4 24. Nf5 (24. Bg1 Nf6 25.
Rf5 Rhg8 (25... Reg8 26. Nd5 Nxd5 27. Rxd5 Bxg1 28. Rxg1 Rxg6 29. g4 $44) 26.
Rxh6 Bxe3+ 27. Bxe3 Ng4 28. Rh3 Rxg6 29. Rg5 Rxg5 30. fxg5 Nxe3 31. Rxe3 $10)
24... Nf6 25. Rxd4 $1 (25. Nxd4 $6 Nxd5 26. Nf5 Rhg8 $17 27. Nh4) 25... cxd4
26. Nxd4 e3 27. f5 {/\ Ne6, Be5} Re4 $1 28. Ne6 Rh4 29. Nf4 Re8 $1 (29... Ng4
$2 30. g3 $1 Rxh2 31. Rxh2 Nxh2 32. g7 Rd8 33. f6 $18) 30. g3 Rg4 $8 31. Ne6
Re4 (31... Rxe6 $5 32. fxe6 Rxg6 $17 {/\ Ng4}) 32. Kd1 e2+ 33. Ke1 Ng4 {
Der schwarze freibauer e2 enscheidet!} 34. Bg1 (34. g7 $5 Ne3 35. f6 Nxc2+ (
35... Nf5 $1 36. g8=Q $1 Rxg8 37. f7 Rh8 38. f8=Q+ Rxf8 39. Nxf8 Nd4 40. Kf2
Nxc2 41. Re1 Nxe1 42. Kxe1 Rc4 $3 $19 {/\ Rc1, Rc2}) 36. Kd2 e1=Q+ 37. Rxe1
Nxe1 38. f7 Nf3+ 39. Kd3 $1 Ne5+ 40. Kxe4 Nxf7 $8 41. Kf5 {/\ Nf8} Rg8 42. Kg6
(42. g4 Nd8 43. Nxd8 Kxd8 $8 44. Kf6 Ke8 45. Bxc7 b5 46. b4 $1 $18 {Zug-Zwang!
Sehr lehrreche endspiel mit aktive weises König!}) 42... Ne5+ 43. Kh7 Rxg7+ 44.
Kxg7 Nf3 $1 45. Kxh6 $14) 34... Ne5 35. Bd4 $2 (35. Nd4 $142) 35... Nf3+ $1 $19
36. Kf2 Nxd4 37. Nxd4 Rxd4 38. f6 Re6 $1 39. f7 Rd8 0-1

[Event "Asia-ch 4th"]
[Site "Doha"]
[Date "2003.03.01"]
[Round "8"]
[White "Bakre, Tejas"]
[Black "Torre, Eugenio"]
[Result "1/2-1/2"]
[WhiteElo "2464"]
[BlackElo "2519"]
[Annotator "Donev,I"]
[PlyCount "57"]
[EventDate "2003.02.22"]
[EventType "swiss"]
[EventRounds "9"]
[EventCountry "QAT"]
[SourceTitle "CBM 094"]
[Source "ChessBase"]
[SourceDate "2003.05.26"]
[SourceVersion "1"]
[SourceVersionDate "2003.05.26"]
[SourceQuality "1"]

1. e4 e5 2. Nf3 Nc6 3. Bb5 a6 4. Bxc6 dxc6 5. O-O Qe7 {Dieser Damenzug war die
Lieblingsverteidigung in der Abtauschwariante des Ex-Weltmeisters Smyslov in
den 70er Jahren. Die Idee ist einfach schnell den Bc8 zu entwickeln (z.B. Bg4
oder Bd7) um die lange Rochade zu ermöglichen.} 6. d4 exd4 7. Qxd4 Bg4 8. Nbd2
Qc5 ({Smyslov hat bevorzugt:} 8... Rd8 {und nach:} 9. Qa7 Qb4 {ist eine
ausgeglichene Stellung entstanden.}) 9. Qe5+ {[%cal Ye5e8,Ye5c7] Wegen der
Doppeldrohung wird der Damentausch erzwungen.} Qxe5 10. Nxe5 Be6 11. Nd3 $146 (
{RR} 11. Ndf3 f6 12. Nd4 Bxa2 13. Rxa2 fxe5 14. Ne6 Kd7 15. Ng5 Nh6 16. b3 Bd6
17. Bb2 Rae8 18. Ra5 Re7 19. Rd1 Kc8 20. c4 Ree8 21. h3 c5 22. f4 Rhg8 23. f5
Be7 24. Ne6 Nf7 25. Ra2 Bd6 {Pert,R-Bellin,R/England 1998/EXT 2000/1/2-1/2 (41)
}) ({Für Leser die auf der Suche nach Neuerungen sind kann ich folgende neue
Idee empfehlen:} 11. f4 $5 $146 Rd8 12. f5 Bc5+ 13. Kh1 Bc8 14. Nd3 Be7 15. Nf3
{mit angenehmer weißer Stellung.}) 11... O-O-O 12. b3 f6 13. Bb2 Ne7 14. Rae1 {
[%mdl 16] Die Stellung hat eine klare Linie bekommen. Weiß hat die
Bauernmehrheit am Königsflügel und hat alle seine Kräfte mobilisiert. Zu
seinem Plan gehört eine Bauernoffensive am Königsflügel. Als Kompensation hat
der Nachziehende den Vorteil des Läuferpaars.} Bf7 15. Re2 (15. e5 fxe5 16.
Nxe5 $11) (15. f4 $5) 15... Ng6 16. f4 Be7 17. f5 $14 {Jetzt hat der
Anziehende schon Raumvorteil und seine Stellung ist vorzüglich.} Nf8 18. e5 Bh5
19. Nf3 $6 {Schade. Nach diesem ungenauen Zug bekommt der Nachziehende locker
Ausgleich.} ({Weiß könnte seine Vorteil vergrößern mittels:} 19. Re4 $142 Nd7
20. g4 Be8 (20... Nc5 21. gxh5 Nxe4 22. Nxe4 $18) 21. Nf3 $14) 19... Bg4 $1 20.
exf6 {[%cal Ye2e7]} Bxf6 {Erzwungen.} 21. Bxf6 gxf6 22. Re7 Bxf5 23. Nfe1 Bg6 (
{Interessant ist auch die Variante, in der der Nachziehende die Bauernmehrheit
behält.} 23... Bxd3 $5 24. Nxd3 Nd7 $44 {Schwarz hat einen Bauer mehr am
Damenflügel, der allerdings momentan keine Rolle spielt, weil er doppelt ist.
Als Kompensation hat der Anziehende auch besser platzierte Figuren (besonders
den Re7) und die schlechte schwarze Bauernstruktur am Könnigsflügel.}) 24. Rxf6
$14 {Weiß behält immer noch einen kleinen Vorteil, weil in einem reinen
Bauernendspiel die Bauernmerheit auf dem Königsflügel eine entscheidende Rolle
spielen könnte.} Nd7 25. Rf2 Rhe8 26. Rfe2 {Natürlich will der Anziehende
seinen aktiven Turm auf e7 behalten.} Rf8 27. Rf2 Rfe8 28. Rfe2 Rf8 29. Rf2 {
Weiß kann seine Stellung nicht mehr verstärken, darum remis durch
Zugwiederholung.} 1/2-1/2

[Event "Olympiad-33"]
[Site "Elista"]
[Date "1998.10.11"]
[Round "12.1"]
[White "Torre, Eugenio"]
[Black "Almasi, Zoltan"]
[Result "0-1"]
[WhiteElo "2545"]
[BlackElo "2650"]
[Annotator "Donev,I"]
[PlyCount "60"]
[EventDate "1998.09.29"]
[EventType "team-swiss"]
[EventRounds "13"]
[EventCountry "RUS"]
[SourceTitle "CBM 068"]
[Source "ChessBase"]
[SourceDate "1999.02.01"]
[SourceVersion "1"]
[SourceVersionDate "1999.02.01"]
[SourceQuality "1"]
[WhiteTeam "Philippines"]
[BlackTeam "Hungary"]
[WhiteTeamCountry "PHI"]
[BlackTeamCountry "HUN"]

1. e4 e5 2. Nf3 Nc6 3. Bb5 a6 4. Bxc6 dxc6 5. O-O Ne7 6. Na3 f6 7. Nc4 c5 8. d3
Bg4 9. Ne3 Bh5 10. c3 Nc6 11. Nf5 Qd7 12. Qe2 O-O-O $15 {[%csl Rd3] Schwarz
hat die Eröffnungsphase optimal beendet. Was kann man sich in der
Abtausch-Variante der Spanischen Partie mehr wünschen. Der Nachziehende
besitzt das Läuferpaar und hat schon Druck gegen den schwachen weißen
d3-Bauern. Außerdem hat der Anziehende keine Bauernmehrheit (Typisch für die
Abtauschvariante) am Köngisflügel.} 13. Rd1 c4 $1 {Weiß hat schon
Schwierigkeiten.} 14. d4 g6 15. Ng3 (15. Ne3 exd4 16. cxd4 (16. Nxc4) 16...
Nxd4 17. Rxd4 Bxf3 18. Rxd7 Bxe2 19. Rxd8+ Kxd8 $17) 15... Bxf3 16. Qxf3 ({
Schwächer ist} 16. gxf3 exd4 17. Qxc4 Ne5 18. Qe2 d3 $19) 16... exd4 17. Be3 $2
(17. Qxf6 $142 Bg7 18. Qh4) 17... Ne5 18. Qxf6 Bg7 19. Qh4 Nd3 {[%csl Yd3] In
der ganzen Partie spielt der starke schwarze Springer eine wichtige Rolle.} 20.
cxd4 Nxb2 21. Rd2 c3 22. Rc2 Bxd4 $17 {Jetzt ist alles klar! Der Rest ist
Technik.} 23. Bxd4 Qxd4 24. h3 Qe5 25. Rac1 Nd3 26. Rb1 Rhf8 27. Rb3 {Die
schwarzen Figuren befinden sich harmonisch auf aktiven Posten. Der
c3-Freibauer steht sehr gut. Es ist spürbar, daß die Partie bald zu Ende geht.
Der ungarische GM beendet den Kampf musterhaft auf taktische Weise.} (27. Ne2
$142 Nxf2 28. Nxc3 $19) {[%tqu "De","Wie kann der Nachziehende auf taktische
Weise seinen Vorteil realisieren?","","","d3f2","",5]} 27... Nxf2 $1 {[%mdl 64]
} 28. Rbxc3 (28. Rxf2 Rxf2 29. Kxf2 Qc5+ $19) 28... Rd1+ 29. Nf1 {[%tqu "De",
"Wie soll Weiß weiter spielen?","","","d1f1","",5]} Rxf1+ $1 30. Kxf1 Nd1+ $1 (
30... Nd1+ 31. Rf3 Rxf3+ 32. gxf3 Ne3+ 33. Ke2 Nxc2 $19) 0-1

[Event "USA-ch"]
[Site "Seattle"]
[Date "2002.01.10"]
[Round "6"]
[White "Stripunsky, Alexander"]
[Black "Kaidanov, Gregory S"]
[Result "1/2-1/2"]
[WhiteElo "2542"]
[BlackElo "2596"]
[Annotator "Donev,I"]
[PlyCount "116"]
[EventDate "2002.01.05"]
[EventType "swiss"]
[EventRounds "9"]
[EventCountry "USA"]
[SourceTitle "CBM 087"]
[Source "ChessBase"]
[SourceDate "2002.03.21"]
[SourceVersion "1"]
[SourceVersionDate "2002.03.21"]
[SourceQuality "1"]

1. e4 e5 2. Nf3 Nc6 3. Bb5 a6 4. Bxc6 dxc6 5. Nc3 f6 6. d4 exd4 7. Nxd4 c5 8.
Nde2 Qxd1+ 9. Nxd1 {Diese Variante der Spanischen Partie ist sehr einfach ohne
große Theorie-Kenntniss zu spielen. Weiß hat die Bauernmehrheit auf dem
Königsflügel und strebt ein Endspiel an. Als Kompensation hat der Nachziehende
das Läuferpaar, für das es günstig ist, die Stellung zu öffnen. In meiner
Praxis haben ich mehrere Partien mit Erfolg in dieser Variante gespielt und
werde einige bis jetzt unveröffentlichte unten zitieren.} Be6 {Diese
Läuferentwicklung ist das Beste, weil die d-Linie offen bleibt und auf diese
Weise wird die 0-0-0 für Weiß verhindert.} ({Die andere Alternative hier ist:} 
9... Bd7 10. Bf4 O-O-O 11. Ne3 Ne7 (11... Bc6 12. f3 Ne7 13. Rd1 Rxd1+ 14. Kxd1
g6 15. Kc1 Bg7 16. Rd1 (16. h4 {Donev,I}) 16... Re8 17. h4 h5 18. c3 {1/2-1/2
Donev,I-Lukascs,P/Klagenfurt-A Liga 1996/[Donev,I] (18)} b6 19. Rd2 a5 20. Kd1
a4 21. a3 {/\Ke1,Kf2}) 12. O-O-O Re8 13. Nc3 g5 14. Bg3 f5 15. exf5 Nxf5 16.
Rxd7 $1 Nxg3 17. Rhd1 Nh5 18. Ne4 $1 b6 19. Nxg5 $16 Bh6 20. h4 Rhg8 21. Rxh7
$18 Bxg5 22. hxg5 Ng7 23. Nd5 {/\Nf6. 1-0 Donev,I-Siklosi,Z/Partenen op 1995/
[Donev,I] (23)}) 10. Bf4 O-O-O 11. Ne3 Ne7 ({Die andere Alternative:} 11... Bd6
{erlaubt dem Anziehenden die lange Rochade.} 12. O-O-O Ne7 13. Bg3 Bxg3 14.
Rxd8+ Rxd8 15. hxg3 h6 16. g4 Bf7 17. Nf5 Nxf5 18. gxf5 b5 19. a3 b4 20. Rh3
Rd7 21. Rg3 Bc4 22. Nf4 bxa3 23. bxa3 Kd8 24. Nh5 Be2 25. Nxg7 Rd1+ 26. Kb2 Bc4
27. Nh5 Ke7 28. a4 a5 29. Nf4 Bf7 30. Rd3 Rf1 31. f3 c6 32. Ng6+ Bxg6 33. fxg6
Kf8 34. Rd7 Rf2 35. Rf7+ Kg8 36. Rxf6 Rxg2 37. f4 h5 38. f5 h4 39. Rf7 Rg4 40.
e5 h3 41. e6 h2 42. e7 Re4 43. f6 {1-0 Donev,I-Heidenfeld,M/Tetnang 1996 (43)})
12. Rd1 ({Eine interessante Idee ist:} 12. f3 {nebst Kf2 und Rd1}) 12... Rxd1+
13. Kxd1 Ng6 ({Es ist spielbar auch wenn der schwarze Springer am Damenflügel
entwickelt wird:} 13... Nc6 14. Nc3 Bd6 15. Bxd6 cxd6 16. h4 h5 17. Kd2 Ne5 18.
f4 Nc4+ 19. Nxc4 Bxc4 20. Rh3 Re8 21. Rg3 Re7 22. a4 Be6 23. f5 Bd7 24. Rd3 Bc6
25. Ke3 Kd7 26. a5 Re5 27. Kf4 Ke7 28. Rg3 Kf7 29. b3 {1/2-1/2 Donev,
I-Szymczak,Z/Trinec 1990 (29)}) 14. Bg3 h5 15. h4 Ne5 16. Kc1 $146 ({RR} 16. b3
b5 17. c3 g6 18. Nf4 Bf7 19. Nfd5 Bg7 20. f4 Nc6 21. f5 Re8 22. fxg6 Bxg6 23.
Nf5 Bxf5 24. exf5 Rd8 25. c4 Ne7 26. Bxc7 Rxd5+ 27. cxd5 Kxc7 28. Re1 Nxf5 29.
Re6 Kd7 30. Rxa6 Ne3+ {Maslik,M-Dervishi,E/Tallinn 1997/EXT 98/0-1 (51)}) 16...
Bd6 17. Rd1 Re8 18. Nd5 Bf7 19. f3 b5 20. Kb1 f5 21. Nec3 $6 (21. f4 $142 $5
Ng4 22. e5) 21... Nc4 22. Bxd6 Nxd6 $15 {[%cal Ye8e4,Yf5e4,Yd6e4]} 23. Nb6+ (
23. exf5 b4 $1 24. Ne4 Nxe4 25. fxe4 Rxe4 $17 {[%cal Yf7d5,Ye4h4]}) 23... Kb7
24. e5 Kxb6 ({der e5-Bauer ist vergiftet:} 24... Rxe5 25. Nd7 Re7 26. Nxc5+ $11
) (24... Kc6 $5 25. exd6 cxb6 {/\Rd8 und bald wird der d6-Bauer zur Beute der
schwarzen Figuren.}) 25. exd6 cxd6 26. Rxd6+ Kc7 27. Rd2 Re1+ ({Vielleicht
wäre es besser die Türme nicht zu tauschen, sondern:} 27... b4 {zu spielen.})
28. Rd1 Rxd1+ 29. Nxd1 Kd6 {[%cal Yd6e5,Ye5f4,Yf4g3,Yg3h4,Yg3g2][%mdl 4096]
Das Endpiel ist für Schwarz besser. 1) Der schwarze König ist sehr aktiv und
strebt zum Königsflügel, wo die weißen Bauern geschwächt sind. 2) Im Spiel auf
2 Flügeln hat der Läufer bessere Perspektiven als der weiße Springer 3) Auch
die schwarzen Bauern stehen besser und haben mehr Raum errobert.} 30. Nf2 Ke5
31. Nh3 Bc4 {Jetzt droht Bf1} 32. g3 Bd5 33. Kc1 (33. f4+ Ke4 {[%cal Ye4f3]}
34. Ng5+ Ke3 35. Kc1 Kf2 $19) 33... Bxf3 $17 {Jetzt hat Schwarz nicht nur
positionelle, sondern auch materielle Vorteile.} 34. Kd2 Bg4 35. Nf2 f4 (35...
c4 36. Ke3 a5 $17) 36. Nd3+ Ke4 37. Nxc5+ (37. Nxf4 Kf3 38. Ne2 Kf2 $19 {
[%cal Yg4e2,Yf2g3]}) 37... Kf3 38. gxf4 Kxf4 $2 (38... Bc8 39. Nd3 Kg3 40. Ke3
Kxh4 $19 {/\ Kg3 nebst h4 mit sehr guten Chancen auf Gewinn für Schwarz.}) 39.
Nxa6 Kg3 40. Ke3 Kxh4 41. Kf2 g5 42. Nc5 Bf5 43. c4 bxc4 44. a4 g4 45. a5 g3+
46. Kg1 Kh3 47. a6 Bg4 48. Ne4 Bc8 49. a7 Bb7 50. Nd6 Bf3 51. Nxc4 h4 52. b4 g2
53. Ne3 Ba8 54. b5 Kg3 55. Nf5+ Kg4 56. Ne3+ Kg3 57. Nf5+ Kg4 58. Ne3+ {
Ein Wunder ist geschehen. Weiß hat dieses schwere Endspiel gerettet.} Kg3
1/2-1/2

[Event "NED-ch54"]
[Site "Rotterdam "]
[Date "1999.06.08"]
[Round "9"]
[White "Reinderman, Dimitri"]
[Black "Van den Doel, Erik"]
[Result "1/2-1/2"]
[WhiteElo "2541"]
[BlackElo "2535"]
[Annotator "Donev,I"]
[PlyCount "126"]
[EventDate "1999.05.29"]
[EventType "tourn"]
[EventRounds "11"]
[EventCountry "NED"]
[EventCategory "12"]
[SourceTitle "CBM 072"]
[Source "ChessBase"]
[SourceDate "1999.10.01"]
[SourceVersion "1"]
[SourceVersionDate "1999.10.01"]
[SourceQuality "1"]

1. e4 e5 2. Nf3 Nc6 3. Bb5 a6 4. Bxc6 dxc6 5. O-O Qd6 6. Na3 Be6 7. Qe2 f6 8.
Nc4 Qd7 9. c3 {Bereitet d2-d4 vor.} c5 $1 $11 {Ein wichtiger strategischer Zug
in der Abtauschvariante der Spanischen Partie. Es ist nicht mehr möglich, dass
Weiß d2-d4 spielen kann, um dadurch eine Bauernmehrheit am Königsflügel zu
bekommen.} 10. Rd1 Bg4 11. d3 {Mir persönlich gefällt der Zug 11.h3 besser.
Als Beispiel schlage ich folgende Musterpartie vor:} (11. h3 $142 $5 Bxf3 12.
Qxf3 Ne7 13. a3 Nc6 14. b4 b5 15. Ne3 cxb4 16. axb4 Bd6 17. d4 O-O 18. Nf5 exd4
19. cxd4 Kh8 20. Bb2 Bxb4 21. Rac1 Ne7 22. Ne3 c6 23. Qg3 Rac8 24. d5 cxd5 25.
e5 fxe5 26. Qxe5 Ng6 27. Qd4 Rxc1 28. Rxc1 Bd6 29. Ng4 h5 30. Rc6 Rg8 31. Qe3
Nf4 32. Qb6 Rd8 33. Ne5 Bxe5 34. Bxe5 Ne2+ 35. Kf1 Re8 36. Bxg7+ Kg8 37. Rg6
Nf4 38. Be5+ Nxg6 39. Qxg6+ Kf8 40. Qh6+ Kg8 41. Qh8+ {1-0 Shirov,A-Almasi,Z/
Germany 1997/GER-chT (41)}) 11... Ne7 12. Ne3 Bh5 13. h3 Nc6 14. Nf5 O-O-O 15.
Be3 g6 16. Ng3 Bxf3 17. Qxf3 Qf7 18. a3 Qb3 19. Rd2 Be7 20. Qd1 Na5 {[%cal
Yc5c4] Jetzt hängt c4 in der Luft} 21. Qg4+ Kb8 22. Rf1 c4 23. d4 exd4 24. Bxd4
Qb5 25. Qe2 Rd7 26. Be3 Rd3 {Ein schönes Feld für den Turm} (26... Rxd2 27.
Qxd2 Rd8 28. Qc2 $11) 27. Rc2 $15 (27. b4 $5 {ist vielleicht stärker} Nc6 28.
a4 Qxa4 (28... Rxd2 29. Bxd2 Qxa4 30. Qxc4 $11) 29. Rxd3 cxd3 30. Qxd3 Rd8 31.
Qc4 $13) 27... Rhd8 28. Re1 Nb3 29. Nf1 Ka8 30. Qg4 Qc6 31. Rce2 a5 32. Nh2 Rg8
33. Bh6 Rdd8 34. Nf3 {[%cal Ye4e5] Weiß plant e5} g5 {Mit diesem Zug versucht
Schwarz den Bh6 einzusperren und später mittels Rg6 zu erobern. Dagegen
unternimmt Weiß natürlich Gegenmaßnahmen.} 35. Qh5 Qe8 36. Qxe8 Rdxe8 {/\Rg6}
37. e5 $1 f5 38. h4 gxh4 {Um seinen Läufer zu befreien müsste der Anziehende
einen Bauern opfern. Als Kompensation hat Weiß die bessere Bauernstruktur.} 39.
Nd2 (39. e6 $5) 39... Rg6 40. Nxb3 cxb3 41. Bf4 Rg4 $2 ({Jetzt könnte Schwarz
mit der ganz logischen Turmverdoppelung auf der g- Linie Vorteil erhalten.} 
41... Reg8 $1 42. f3 (42. g3 hxg3 43. fxg3 Bh4 $17) 42... h3 43. g3 (43. Kh2
hxg2 44. Rg1 a4 $17 45. Rgxg2 $2 Rxg2+ 46. Rxg2 Rxg2+ 47. Kxg2 Bxa3 $1 $19)
43... Bh4 $17) 42. Bh2 h3 (42... Reg8 {Jetzt ist zu spät, weil der Anziehende
mit seinem nächsten Zug ein wichtiges Tempo gewinnt!} 43. f3 $1 R4g6 44. Kh1
$15) 43. f3 Rg6 44. Kh1 hxg2+ 45. Rxg2 Rd8 {Es droht 46...Rg2 nebst Rd2.} 46.
Bf4 {[%cal Yf4d2]} b5 (46... Rd3 $5 47. Rf1 Bc5 {Und jetzt geht nicht:} 48. Rh2
$2 {wegen:} Rxf3 $3 $19) 47. Rh2 b4 {Die Idee dieses Zuges ist das Feld d4 für
den Rd8 zu bekommen.} 48. axb4 axb4 49. cxb4 Rd4 (49... Rd3 50. Rf1 Rd4 51. Be3
$14) 50. Bd2 (50. Be3 Rh4 51. Rxh4 Bxh4 52. Rc1 $11) 50... Rd3 51. Ree2 (51.
Rf1 h5 $1 {/\h4}) 51... Rxf3 {Droht Matt: Tf1} 52. Rxh7 Re6 53. Bc3 (53. Kg2 $5
Rd3 54. Rf7 $14) 53... Kb7 54. Kg2 Rf4 {[%cal Re7b4,Rf4b4,Gc3b4]} 55. Rf2 Rg4+
56. Kf1 Bxb4 57. Bxb4 Rxb4 58. Rxf5 Rc4 59. Rh3 Rc1+ 60. Ke2 Rc2+ 61. Kd1 Rxb2
62. Kc1 Rg2 63. Rxb3+ Kc6 1/2-1/2

[Event "Goodricke op 13th"]
[Site "Kolkata"]
[Date "2002.03.25"]
[Round "9"]
[White "Motylev, Alexander"]
[Black "Shetty, Rahul"]
[Result "1-0"]
[WhiteElo "2639"]
[BlackElo "2335"]
[Annotator "Donev,I"]
[PlyCount "85"]
[EventDate "2002.03.17"]
[EventType "swiss"]
[EventRounds "11"]
[EventCountry "IND"]
[SourceTitle "CBM 088"]
[Source "ChessBase"]
[SourceDate "2002.03.21"]
[SourceVersion "1"]
[SourceVersionDate "2002.03.21"]
[SourceQuality "1"]

1. e4 e5 2. Nf3 Nc6 3. Bb5 a6 4. Bxc6 dxc6 5. Nc3 f6 6. d4 exd4 7. Nxd4 c5 8.
Nde2 Qxd1+ 9. Nxd1 Bd6 10. Bf4 Ne7 ({RR} 10... Be6 11. Bxd6 cxd6 12. Ne3 Ne7
13. O-O-O O-O-O 14. Nf4 Bf7 15. Rd2 Rd7 16. h4 Rhd8 17. Rhd1 Kc7 18. h5 Kc6 19.
f3 d5 20. exd5+ Nxd5 21. Nfxd5 Bxd5 22. Nf5 c4 {1/2-1/2 Psakhis,L-Nunn,J/
Hastings 1987/EXT 99 (22)}) 11. Ne3 Be6 12. f3 $146 ({Hier ein
unveröffentlichtes interessantes Beispiel aus meiner eigenen Praxis.} 12. O-O-O
$5 O-O-O 13. Bg3 (13. Rd2 Bxf4 14. Rxd8+ Rxd8 15. Nxf4 $14 {1/2-1/2 Kotov,
V-Rodin,M/Voronezh 2001/EXT 2002 (35)}) 13... Bxg3 14. Rxd8+ Rxd8 15. hxg3 h6
16. g4 Bf7 17. Nf5 Nxf5 18. gxf5 b5 19. a3 b4 20. Rh3 Rd7 21. Rg3 Bc4 22. Nf4
bxa3 23. bxa3 Kd8 24. Nh5 Be2 25. Nxg7 Rd1+ 26. Kb2 Bc4 27. Nh5 Ke7 28. a4 a5
29. Nf4 Bf7 30. Rd3 Rf1 31. f3 c6 32. Ng6+ Bxg6 33. fxg6 Kf8 34. Rd7 Rf2 35.
Rf7+ Kg8 36. Rxf6 Rxg2 37. f4 h5 38. f5 h4 39. Rf7 Rg4 40. e5 h3 41. e6 h2 42.
e7 Re4 43. f6 {1-0 Donev,I-Heidenfeld,M/Tettnang (op)1996 (43)}) 12... O-O-O
13. Kf2 {Die Idee f3 nebst Kf2 scheint mir gut zu sein.Auf diese Weise stehen
die weissen Figuren harmonisch und die Türme sind verbunden,bereit um, um die
einzige offene d-Linie zu kämpfen.} Rd7 14. h4 {Es ist logisch dass der
Anziehende mehr Raum am Königsflügell ( wo er Bauernmehrheit hat!)errobern
will.In seinem Plan sind die Züge h2-h4-h5,g2-g4nebst Ng3 im voraus gesehen.}
Bf7 (14... h5 $142) 15. h5 h6 16. Rad1 Rhd8 17. a3 b5 18. g4 c4 19. Bxd6 Rxd6
$6 {Das war die einzige Möglichkeit für den Nachziehenden seine dopell
c-Bauern zu verbesern.} (19... cxd6 $142 {/\d6-d5!} 20. Nf4 (20. Nd5 Nxd5 21.
exd5 Re8 22. Ng3 Re5 23. Nf5 $13) 20... d5 21. exd5 Nxd5 22. Nexd5 Bxd5 $11)
20. Nf4 c5 21. Rxd6 Rxd6 22. Rd1 Rxd1 (22... Rd4 23. c3 Rd7 24. Rxd7 Kxd7 {
Dies führt zur änlichen Variante wie in der Partie.}) 23. Nxd1 {[%mdl 4096]
Das Endspiel ist sehr schwer für schwarz wegen: 1)Der besseren weissen
Bauernstruktur-wobei Bauernmerheit des Nachziehenden am Damenflügel ist
wertlos(nach c2-c3 die drei weissen Bauern halten problemlos die vier
schwarzen Bauern!) 2) Schwarz hat kein Läuferpaar(oft in der Abtauschvariante
der Spanischen Partie ist das Läuferpaar kompensation für die schlechtere
Bauernstruktur. 3)Der Bauer g7 und die Felder f5 und g6 sind schwach.} Kc7 24.
Ne3 Kd6 25. c3 Ke5 26. Nfg2 g5 $2 {Nach diesem strategische Fehler ist die
schwarze Stellung verloren.Jetzt wird die schwarze Bauernstruktur am
Königsflügel noch schlechter.} ({klar besser wäre:} 26... Be6) 27. hxg6 Bxg6
28. Nh4 {[%cal Yh4g6,Yh4f5]} Bf7 29. Nef5 $16 {[%cal Yf5e7,Yf5h6]} Nxf5 30.
Nxf5 {Das Endspiel ist hoffnungslos für Schwarz. Der Rest ist reine
Techniksache.} h5 31. gxh5 Bxh5 32. Ke3 Bf7 33. f4+ Ke6 34. Nh4 Kd6 35. f5 b4 (
35... Ke5 36. Nf3+ Kd6 37. Kf4 $16) 36. axb4 cxb4 37. cxb4 Kc6 38. Kd4 $18 Kb5
39. Kc3 a5 40. bxa5 Kxa5 41. Ng6 Kb5 42. e5 Kc5 43. exf6 {Die Drohung Nh8
nebst f6-f7 ist unvermeidlich.} 1-0